Statistiques concernant Intercommunalités de la Haute-Marne

Cliquez ici pour prendre le quiz!

Statistiques générales

  • Ce quiz a été pris 14 fois
  • Le résultat moyen est 3 sur 8

Statistiques - réponses

Nombres de CommunesIntercommunalités% Correct
60 (dont 10 dans la Marne)Communauté d'agglomération Saint-Dizier, Der et Blaise
85%
54Communauté de communes du Grand Langres
85%
63Communauté d'agglomération de Chaumont
77%
59Communauté de communes du Bassin de Joinville en Champagne
38%
63 (dont 03 dans la Haute-Saône)Communauté de communes des Savoir-Faire
15%
29Communauté de communes des Trois Forêts
15%
59Communauté de communes Meuse Rognon
15%
51Communauté de communes d'Auberive Vingeanne et Montsaugeonnais
0%

Distribution des résultats

Percentile par nombre de réponses

% des personnes avec chaque résultat

Votre développement - résultats

Vous n’avez pas pris ce quiz